书目信息 |
| 题名: |
私人银行与财富管理
|
|
| 作者: | 莫德 著 ;刘立达 , 严晗 , 付饶 译 | |
| 分册: | ||
| 出版信息: | 北京 企业管理出版社 2015.11 |
|
| 页数: | 337页 | |
| 开本: | 24cm | |
| 丛书名: | ||
| 单 册: | ||
| 中图分类: | F830.35 | |
| 科图分类: | ||
| 主题词: | 私人投资--si ren tou zi--银行业务--研究 | |
| 电子资源: | ||
| ISBN: | 978-7-5164-1135-3 | |
| 000 | 01397nam0 2200337 450 | |
| 001 | 0100195376 | |
| 005 | 20201117144420.84 | |
| 010 | @a978-7-5164-1135-3@dCNY98.00 | |
| 100 | @a20151117d2015 em y0chiy50 ea | |
| 101 | 1 | @achi@ceng |
| 102 | @aCN@b110000 | |
| 105 | @aak a 000yy | |
| 106 | @ar | |
| 200 | 1 | @a私人银行与财富管理@Asi ren yin hang yu cai fu guan li@e领先的创新逻辑与实务方法@f(英) 戴维·莫德著@F( ying ) dai wei mo de zhu@g刘立达, 严晗, 付饶译@Gliu li da , yan han , fu rao yi |
| 210 | @a北京@c企业管理出版社@d2015.11 | |
| 215 | @a337页@c图@d24cm | |
| 312 | @a英文题名取自封面 | |
| 320 | @a有书目 (第326-337页) | |
| 330 | @a本书分为全球财富市场概述、行业挑战: 新的和旧的、客户、新产品与定价、分销渠道、从业机构、卓越运营、组织结构设计等10章, 主要包括: 财富管理市场、财富市场发展的主要推动因素 ; 产业经济学 ; 竞争者与经营模式等。 | |
| 500 | 10 | @aGlobal private banking and wealth management : the new realities@mChinese |
| 517 | 1 | @a领先的创新逻辑与实务方法@Aling xian de chuang xin luo ji yu shi wu fang fa |
| 540 | @a私人银行与财富管理 | |
| 606 | 0 | @a私人投资@Asi ren tou zi@x银行业务@x研究 |
| 690 | @aF830.35@v5 | |
| 701 | 1 | @a莫德@Amo de@g(Maude, David)@4著 |
| 702 | 0 | @a刘立达@Aliu li da@4译 |
| 702 | 0 | @a严晗@Ayan han@4译 |
| 702 | 0 | @a付饶@Afu rao@4译 |
| 801 | @aCN | |
| 901 | @a21 | |
| 905 | @a河南城建学院图书馆@b1294520-2@dF830.35@eM841@f3 | |
| 私人银行与财富管理:领先的创新逻辑与实务方法/(英) 戴维·莫德著/刘立达, 严晗, 付饶译.-北京:企业管理出版社,2015.11 |
| 337页:图;24cm |
| ISBN 978-7-5164-1135-3:CNY98.00 |
| 本书分为全球财富市场概述、行业挑战: 新的和旧的、客户、新产品与定价、分销渠道、从业机构、卓越运营、组织结构设计等10章, 主要包括: 财富管理市场、财富市场发展的主要推动因素 ; 产业经济学 ; 竞争者与经营模式等。 |
| ● |
| 相关链接 |
|
|
|
正题名:私人银行与财富管理
索取号:F830.35/M841
 
预约/预借
| 序号 | 登录号 | 条形码 | 馆藏地/架位号 | 状态 | 备注 |
| 1 | 1294520 | 212945205 | 社科库409/409社科库 51排1列1层/ [索取号:F830.35/M841] | 在馆 | |
| 2 | 1294521 | 212945212 | 社科二线422/409社科库 50排7列5层/ [索取号:F830.35/M841] | 在馆 | |
| 3 | 1294522 | 212945229 | 社科二线422/409社科库 50排7列5层/ [索取号:F830.35/M841] | 在馆 |